Countries Visited by the Giro d'Italia - Statistics

General Stats
  • This quiz has been taken 739 times
    123 since last reset
  • The average score is 16 of 21
Answer Stats
Country % Correct
France
99%
Italy
95%
Germany
93%
Austria
92%
San Marino
91%
Slovenia
91%
Switzerland
91%
Vatican City
88%
Belgium
86%
Albania
85%
Croatia
84%
Hungary
81%
Netherlands
80%
Monaco
75%
United Kingdom
75%
Greece
72%
Luxembourg
71%
Denmark
67%
Ireland
65%
Israel
51%
Yugoslavia
15%
No matching quizzes found
Score Distribution
Percent of People with Each Score
Percentile by Number Answered
Your Score History
You have not taken this quiz since the last reset